000
00217 a2200097 4500
001
30736
100
_a
Huxley, A
245
_a
Brave new world Revisited
260
_a
london
_b
Yale Unv Press
_c
090
_c
20668
_d
20668
942
_a
NUST-CAE
_c
M
_c
11856
999
_c
265809
_d
265809